000 00986nam a2200277Ia 4500
003 OSt
005 20220918164907.0
006 a|||||r|||| 00| 0
007 ta
008 220917b |||||||| |||| 00| 0 eng d
020 _a080585746X
_c1852.14
024 _a236,182
037 _bDU0004, 19/09/2008, Independent Publishers Group
_cTextual
040 _aARTS
_cARTS
_beng
041 _2eng
_aeng
082 _aT:3(#:f), P7
100 _aDunn Dana S. Ed.
_921536
245 0 _aBest practices for teaching statistics and research methods in the behavioral sciences
260 _aNew Jersey
_bLawrence Erlbaum Associates Publishers USA
_c2007
300 _axx, 291p.
_ccm.
650 _aEDUCATION
700 _a Beins Bernard C. Ed.
_921537
700 _a Smith Randolph A. Ed.
_921538
942 _hT:3(#:f), P7
_cTEXL
_2CC
999 _c127266
_d127266